000 00873nmm a2200277 a 4500
001 ocm0002146297
003 TR-IsHL
005 20201028182527.0
008 190203s2018 tu tur
007 cr cn
020 _a9786051512709
035 _a2146297
_b(N$T)
050 0 4 _aPL248
_bB353 2018
090 0 4 _aPL248
_bB353 2018
100 1 _aBalay, Refik
245 1 0 _aYeniden diriliş
_h[electronic resource] /
_cRefik Balay ; editör Erol Şahnacı
260 _aİstanbul :
_bHayat Yayınları,
_c2018
300 _a193 p.
650 4 _aDil ve Edebiyat
650 4 _aLanguage and Literature
650 0 _aTürk denemeleri
650 0 _aTurkish essays
650 7 _aLITERARY COLLECTIONS / Middle Eastern
_2bisacsh
700 1 _aŞahnacı, Erol
856 4 0 _uhttp://search.ebscohost.com/login.aspx?direct=true&scope=site&db=e011xww&AN=2146297
999 _c20110
_d20110